|
|
|
|
| LEADER |
00775nam a2200205 c 4500 |
| 001 |
10076232 |
| 003 |
GR-PaULI |
| 005 |
20221207141405.0 |
| 008 |
160902s2014 gr ||||f |||| 00| f gre d |
| 952 |
|
|
|0 0
|1 0
|2 ddc
|4 0
|6 889_340000000000000_ΧΑΒ
|7 0
|9 361497
|a LISP
|b LISP
|c DON
|d 2022-06-20
|e ΠΑΤ
|i 147819
|l 0
|o 889.34 ΧΑΒ
|p 025000273936
|r 2022-06-20 00:00:00
|t 1
|w 2022-06-20
|y BKN
|
| 999 |
|
|
|c 211245
|d 211245
|
| 020 |
|
|
|a 9600444780
|
| 040 |
|
|
|a GR-PaULI
|b gre
|c GR-PaULI
|e AACR2
|
| 082 |
|
|
|a 889.34
|2 23
|
| 100 |
1 |
|
|a Χαβιαράς, Στρατής,
|d 1935-2020
|e συγγραφέας
|9 143286
|
| 245 |
1 |
0 |
|a Άχνα /
|c Στρατής Χαβιαράς.
|
| 260 |
|
|
|a [Αθήνα] :
|b Κέδρος,
|c 2014.
|
| 300 |
|
|
|a 238 σ. ;
|c 21 εκ.
|
| 942 |
|
|
|2 ddc
|c BKN
|
| 998 |
|
|
|c ΜΠΟΥΡΑΣ
|d 2022-06
|